Heart Failure Reviews (Запис № 456142)

МАРК-запис
000 -LEADER
fixed length control field 01858nas a22003015i 4500
001 - CONTROL NUMBER
control field 1573-7322
003 - CONTROL NUMBER IDENTIFIER
control field DE-He213
005 - DATE AND TIME OF LATEST TRANSACTION
control field 20200203193704.0
007 - PHYSICAL DESCRIPTION FIXED FIELD--GENERAL INFORMATION
fixed length control field cr nn 008mamaa
008 - FIXED-LENGTH DATA ELEMENTS--GENERAL INFORMATION
fixed length control field 150723s||||||||xxuuu poo|||||| b|EN |d
022 ## - INTERNATIONAL STANDARD SERIAL NUMBER
International Standard Serial Number 1573-7322
024 7# - OTHER STANDARD IDENTIFIER
Standard number or code 10.1007/10741.1573-7322
Source of number or code doi
210 10 - ABBREVIATED TITLE
Abbreviated title Heart Fail Rev
245 10 - TITLE STATEMENT
Title Heart Failure Reviews
Medium [electronic resource] /
Statement of responsibility, etc edited by Sidney Goldstein, Hani N. Sabbah.
264 #1 -
-- New York :
-- Springer US :
-- Imprint: Springer.
300 ## - PHYSICAL DESCRIPTION
Other physical details online resource.
520 ## - SUMMARY, ETC.
Summary, etc Heart Failure Reviews is an international journal which develops links between basic scientists and clinical investigators, creating a unique, interdisciplinary dialogue focused on heart failure, its pathogenesis and treatment. The journal accordingly publishes papers in both basic and clinical research fields. Topics covered include clinical and surgical approaches to therapy, basic pharmacology, biochemistry, molecular biology, pathology, and electrophysiology. The reviews are comprehensive, expanding the reader's knowledge base and awareness of current research and new findings in this rapidly growing field of cardiovascular medicine. All reviews are thoroughly peer-reviewed before publication.
650 #0 - SUBJECT ADDED ENTRY--TOPICAL TERM
Topical term or geographic name as entry element Cardiology.
650 14 - SUBJECT ADDED ENTRY--TOPICAL TERM
Topical term or geographic name as entry element Cardiology.
-- http://scigraph.springernature.com/things/product-market-codes/H33037
700 1# - ADDED ENTRY--PERSONAL NAME
Personal name Goldstein, Sidney.
Relator term editor.
Relator code edt
-- http://id.loc.gov/vocabulary/relators/edt
700 1# - ADDED ENTRY--PERSONAL NAME
Personal name Sabbah, Hani N.
Relator term editor.
Relator code edt
-- http://id.loc.gov/vocabulary/relators/edt
710 2# - ADDED ENTRY--CORPORATE NAME
Corporate name or jurisdiction name as entry element SpringerLink (Online service)
776 08 - ADDITIONAL PHYSICAL FORM ENTRY
Display text Printed version:
International Standard Serial Number 1382-4147
856 40 - ELECTRONIC LOCATION AND ACCESS
Uniform Resource Identifier <a href="https://doi.org/10.1007/10741.1573-7322">https://doi.org/10.1007/10741.1573-7322</a>
Public note Hybrid
942 ## - ADDED ENTRY ELEMENTS (KOHA)
Koha item type ЕЖурнал

Немає доступних примірників.